Loading...
| Arts - Music | 8 | 23.75 | 100% | 100% | 38% |
| Arts - Other Arts | 5 | 24.00 | 100% | 80% | 60% |
| Arts - Painting | 6 | 15.00 | 83% | 50% | 17% |
| History - American | 1 | 10.00 | 100% | 0% | 0% |
| History - American History | 6 | 16.67 | 100% | 50% | 17% |
| History - European | 7 | 15.71 | 100% | 43% | 14% |
| History - Other History | 5 | 18.00 | 100% | 60% | 20% |
| History - World | 2 | 20.00 | 100% | 100% | 0% |
| History - World History | 8 | 21.25 | 100% | 63% | 50% |
| Literature - American Lit | 7 | 20.00 | 100% | 57% | 43% |
| Literature - British Lit | 6 | 15.00 | 83% | 33% | 33% |
| Literature - European Lit | 5 | 20.00 | 100% | 80% | 20% |
| Literature - World Lit | 7 | 18.57 | 100% | 71% | 14% |
| Mythology | 7 | 10.00 | 100% | 0% | 0% |
| Other - Geo/CE | 5 | 22.00 | 100% | 100% | 20% |
| Other Academic | 7 | 12.86 | 57% | 57% | 14% |
| Pop Culture | 7 | 17.14 | 86% | 71% | 14% |
| Religion | 8 | 15.00 | 100% | 50% | 0% |
| Science - Biology | 5 | 12.00 | 80% | 40% | 0% |
| Science - Chemistry | 7 | 14.29 | 100% | 43% | 0% |
| Science - Engineering | 2 | 15.00 | 50% | 100% | 0% |
| Science - Other Science | 5 | 20.00 | 100% | 80% | 20% |
| Science - Physics | 6 | 20.00 | 100% | 67% | 33% |
| Thought - Philosophy | 8 | 16.25 | 100% | 50% | 13% |
| Thought - Social Science | 7 | 24.29 | 100% | 100% | 43% |